Teorías económicas y realidad social (Record no. 51496)

MARC details
000 -LEADER
campo de control de longitud fija 00805nam a2200241 i 4500
001 - NÚMERO DE CONTROL
campo de control 51496
003 - IDENTIFICADOR DE NÚMERO DE CONTROL
campo de control ES-MaACL
005 - FECHA Y HORA DE LA ÚLTIMA TRANSACCIÓN
campo de control 20230906162356.0
007 - CAMPO FIJO DE DESCRIPCIÓN FÍSICA--INFORMACIÓN GENERAL
campo de control de longitud fija t|
008 - DATOS DE LONGITUD FIJA--INFORMACIÓN GENERAL
campo de control de longitud fija 030813s1970 sp ||||1| spa d
100 1# - ENTRADA PRINCIPAL--NOMBRE DE PERSONA
Nombre de persona Dalin, S.
9 (RLIN) 42488
245 10 - MENCIÓN DEL TÍTULO
Título Teorías económicas y realidad social
Resto del título : crítica soviética a la teorías de John Galbraith, Adolfo Berle y Colin Clark /
Mención de responsabilidad, etc. S. Dalin, A. Anikin y Y. Olsévich ; [traducido por L. Vládov].
250 ## - MENCION DE EDICION
Mención de edición 1ª ed.
260 ## - PUBLICACIÓN, DISTRIBUCIÓN, ETC.
Lugar de publicación, distribución, etc. Barcelona :
Nombre del editor, distribuidor, etc. [Fontanella],
Fecha de publicación, distribución, etc. 1970.
300 ## - DESCRIPCIÓN FÍSICA
Extensión 284 p. ;
Dimensiones 23 cm.
600 04 - PUNTO DE ACCESO ADICIONAL DE MATERIA--NOMBRE DE PERSONA
Nombre de persona Galbraith, John Kenneth.
9 (RLIN) 53345
600 04 - PUNTO DE ACCESO ADICIONAL DE MATERIA--NOMBRE DE PERSONA
Nombre de persona Berle, Adolf A.
9 (RLIN) 28053
600 04 - PUNTO DE ACCESO ADICIONAL DE MATERIA--NOMBRE DE PERSONA
Nombre de persona Clark, Colin.
9 (RLIN) 39026
700 1# - ENTRADA AGREGADA--NOMBRE PERSONAL
Nombre de persona Anikin, A.
9 (RLIN) 21802
700 1# - ENTRADA AGREGADA--NOMBRE PERSONAL
Nombre de persona Olsévich, Y.
9 (RLIN) 87013
852 ## - LOCALIZACIÓN
Ubicación ES-MaACL
Número de control de estantería C-44526
852 ## - LOCALIZACIÓN
Ubicación ES-MaACL
Número de control de estantería C-44548
Holdings
Estatus retirado Estado de pérdida Estado de daño No para préstamo Biblioteca de origen Biblioteca actual Ubicación en estantería Fecha de adquisición Fuente de adquisición Total de préstamos Signatura topográfica completa Código de barras Visto por última vez Precio de reemplazo Tipo de ítem Koha
        Biblioteca del Ateneo de Madrid Biblioteca del Ateneo de Madrid Depósito 2 17/01/2008     C-44548 1054156 23/02/2023 23/02/2023 Libro impreso
        Biblioteca del Ateneo de Madrid Biblioteca del Ateneo de Madrid Depósito 2 17/01/2008     C-44526 1054155 23/02/2023 23/02/2023 Libro impreso